00647 2200241 4500001002100000005001500021035002000036007000300056008004100059020002200100082001000122084001600132100001700148245006300165250001900228260003100247300004700278700001600325700001200341600002000353990001600373990001600389INLIS00000000000003720220514095634 a0010-0522000019ta220514 a 0 ind  a978-602-434-173-2 a372.2 a372.2 IRE l0 aIrene M.J.A.1 aLingkungan yang Bersih, Sehat, dan Asri 1f /cIrene M.J.A. aKurikulum 2013 aJakarta :bErlangga,c2016 a120 halaman :bilustrasi berwarna ;c26 cm0 aDwi Tyas K.0 aWini K. 4aTematik Terpadu a00000000038 a00000000039